| 000 | 00707cam a2200193 i 4500 | ||
|---|---|---|---|
| 005 | 20251201102618.0 | ||
| 008 | 250721s9999 ua gr 000 0 ara d | ||
| 082 | 1 | 4 |
_a213.2 _bع ب د |
| 100 | 1 |
_aعبدالله، محمد محمود _eمؤلف. |
|
| 245 | 1 | 2 |
_aألأيام المباركة في القرآن والسنة / _cأ. محمد محمود عبد الله. |
| 264 | 3 | 1 |
_aالإسكندرية : _bمؤسسة شباب الجامعة، _c[غير معرف]. |
| 300 | _a72 صفحة. | ||
| 650 | 1 | 7 | _aالفضائل. |
| 650 | 1 | 7 | _aفضائل القرآن. |
| 650 | 1 | 7 | _aالسنة. |
| 650 | 1 | 7 | _aالمناسبات الدينية. |
| 942 |
_2ddc _cBK |
||
| 999 |
_c79444 _d79444 |
||